000 00546nam a2200229Ia 4500
003 OSt
005 20220924151819.0
006 a|||||r|||| 00| 0
007 ta
008 220923b |||||||| |||| 00| 0 tel d
024 _a339253
037 _cTextual
040 _aARTS
_cARTS
_btel
041 _2tel
_atel
082 _aY55, 35L9
100 _aSimdnia Au.
_9225043
245 0 _aAllena vidhanam
260 _c1979
650 _aSOCIOLOGY
942 _hY55, 35L9
_cTEXL
_2CC
999 _c467772
_d467772